Informe sobre presos políticos retenidos en campos secretos de detención en Chile
Salvato in:
| Ente Autore: | |
|---|---|
| Natura: | Libro |
| Lingua: | spagnolo |
| Pubblicazione: |
Londres, Inglaterra :
Amnistía Internacional,
1978, c1978
|
| Edizione: | 2a edición |
| Soggetti: | |
| Tags: |
Nessun Tag, puoi essere il primo ad aggiungerne!!
|
MARC
| LEADER | 00000nam^a2200000^a^4500 | ||
|---|---|---|---|
| 001 | 000362554 | ||
| 005 | 20250815000000.0 | ||
| 009 | 20260310115524.336 | ||
| 020 | |a 0-900058-78-1 | ||
| 025 | |a Donación Ignacio González Luna, 1 ejemplar | ||
| 037 | |a Acervo ITESO - Biblioteca | ||
| 041 | |a ESP | ||
| 082 | |a 323. 490983065 |b AMN | ||
| 110 | |a Amnistía Internacional | ||
| 240 | 1 | 1 | |a [Informe sobre presos políticos retenidos en campos secretos de detención en Chile] |
| 245 | 1 | 0 | |a Informe sobre presos políticos retenidos en campos secretos de detención en Chile |
| 246 | 2 | |a Título en la cubierta: Prisioneros desaparecidos en Chile | |
| 250 | |a 2a edición |b actualizada | ||
| 264 | 4 | |a Londres, Inglaterra : |b Amnistía Internacional, |c 1978, c1978 | |
| 300 | |a 128 p. | ||
| 336 | |a texto |b txt |2 rdacontenido | ||
| 337 | |a sin mediación |b n |2 rdamedio | ||
| 338 | |a volumen |b nc |2 rdasoporte | ||
| 561 | |a Ex libris de Ignacio González Luna | ||
| 649 | |a XX | ||
| 650 | |a Desaparecidos Políticos Chilenos - |x Condiciones Jurídicas | ||
| 650 | |a Presos Políticos Chilenos - |x Condiciones Jurídicas - |x Tema Principal | ||
| 650 | |a Amnistía Internacional - |x Informes | ||
| 650 | |a Organizaciones Internacionales - |x Informes | ||
| 650 | |a Desaparición Forzada de Personas - |z Chile - |x Historia - |y 1973-1990 | ||
| 650 | |a Delitos contra la Integridad Personal - |z Chile | ||
| 650 | |a Delitos contra la Persona - |z Chile | ||
| 650 | |a Justicia e Injusticia - |z Chile | ||
| 650 | |a Derechos Humanos - |z Chile - |x Historia - |y 1973-1990 - |x Tema Principal | ||
| 650 | |a Política - |z Chile - |x Historia - |y 1973-1990 | ||
| 910 | |a Fondo Ignacio González Luna Morfín | ||
| 920 | |a Impresos - Libros | ||
| 930 | |a Fondos Especiales | ||
| 905 | |a 136 | ||
| 901 | |a 0500256201 |b IT2 |c ESP |i D |u 20250521 | ||
| 902 | |a https://opac.biblio.iteso.mx/vufind/Record/000362554 | ||